Itinerari del Montnegre : coneguem els nostres parcs : guió didàctic / Parc del Montnegre i el Corredor coneguem els nostres parcs :
Descripción Física:
[19] p. : il. ; 21 cm
MARC
| LEADER | 00000nam a2200000Ia 4500 | ||
|---|---|---|---|
| 001 | 19401 | ||
| 008 | 160829s9999 xx 000 0 cat d | ||
| 080 | |a FU-5-49 | ||
| 110 | |a Parc del Montnegre i el Corredor (Catalunya) |9 10204 | ||
| 245 | |a Itinerari del Montnegre : |b coneguem els nostres parcs : |b guió didàctic / Parc del Montnegre i el Corredor | ||
| 260 | |a Barcelona : |b Diputació de Barcelona, [2006] | ||
| 300 | |a [19] p. : |b il. ; |c 21 cm | ||
| 590 | |a Disponible al web: http://www.diba.cat/parcsn/parcs/plana.asp?parc=0&m=195&s=1018 | ||
| 650 | |a Parc del Montnegre i el Corredor |x Problemes, exercicis, etc. |9 28642 | ||
| 650 | |a Material didàctic |9 22831 | ||
| 710 | 1 | |a Barcelona (Catalunya : Província). |b Diputació |9 52408 | |
| 901 | |a Arxiu | ||
| 942 | |n 1 | ||
| 952 | |0 0 |1 0 |4 0 |6 FU549 |7 1 |9 53051 |a Arxiu |b Arxiu |d 2016-12-01 |l 0 |o FU-5-49 |p 19401 |r 2016-12-01 00:00:00 |w 2016-12-01 |y ARXIU | ||
| 999 | |c 56900 |d 56900 | ||